[Event "Tournament (Cand.to Masters)"]
[Site "masterchessopen.com – Frunze (Kyrgyzstan)"]
[Round "0"]
[White "Ilivitzki Georgi A (RUS)"]
[Black "Katalymov Boris N (KAZ)"]
[Result "1-0"]
[WhiteElo "2380"]
[BlackElo "2367"]

1.d4 Nf6 2.c4 g6 3.Nc3 Bg7 4.e4 d6 5.f3 c6 6.Be3 a6 7.Bd3 b5 8.Nge2 bxc4
9.Bxc4 d5 10.Bb3 dxe4 11.Nxe4 Nxe4 12.fxe4 O-O 13.O-O Bg4 14.Rf2 Ra7 15.d5 Rd7
16.h3 Be6 17.dxe6 Rxd1+ 18.Rxd1 Qa5 19.exf7+ Kh8 20.Nf4 Nd7 21.Ne6 Rd8 22.Nxg7
Kxg7 23.Rxd7 Qe1+ 24.Kh2 Qxe3 25.f8=Q+ Rxf8 26.Rxe7+ Kh6 27.Rxf8 Qd2 28.Rff7
Kg5 29.e5 c5 30.Rf6 Qxb2 31.Bg8 c4 32.Bxh7 Qc3 33.Rxg6+ {#r} 1-0

[Event "It"]
[Site "masterchessopen.com – Hamburg (Germany)"]
[Round "6"]
[White "Weise Wolfgang Dr (GER)"]
[Black "Kerkhoff Leo J (NED)"]
[Result "1-0"]
[WhiteElo "2095"]
[BlackElo "2247"]

1.d4 Nf6 2.c4 g6 3.Nc3 Bg7 4.e4 d6 5.f3 c6 6.Be3 a6 7.Qd2 Nbd7 8.O-O-O Qa5
9.Kb1 b5 10.a3 e5 11.h4 Rb8 12.g4 bxc4 13.Bxc4 Nb6 14.Ba2 Nfd7 15.Nge2 Na4
16.Nxa4 Qxa4 17.Qc3 O-O 18.h5 exd4 19.Bxd4 Ne5 20.hxg6 hxg6 {#r} 1-0

[Event "It"]
[Site "masterchessopen.com – San Juan (Puerto Rico)"]
[Round "0"]
[White "Spassky Boris V (FRA)"]
[Black "Kavalek Lubomir (USA)"]
[Result "1-0"]
[WhiteElo "2548"]
[BlackElo "2527"]

1.d4 Nf6 2.c4 g6 3.Nc3 Bg7 4.e4 d6 5.f3 c6 6.Be3 a6 7.Bd3 b5 8.e5 dxe5 9.dxe5
Ng8 10.f4 Nh6 11.Nf3 Bf5 12.Be2 Qxd1+ 13.Rxd1 f6 14.Nd4 fxe5 15.fxe5 O-O
16.O-O Nf7 17.Nxf5 gxf5 18.e6 Ne5 19.g4 f4 20.Rxf4 Re8 21.Rfd4 c5 22.Rd8 Nbc6
23.Rxe8+ Rxe8 24.cxb5 Nd4 25.bxa6 Ra8 26.Bxd4 cxd4 27.Nd5 {#r} 1-0

[Event "?"]
[Site "masterchessopen.com – Hungary"]
[Round "0"]
[White "Krisztian Gabor (HUN)"]
[Black "Toth Janos (HUN)"]
[Result "0-1"]
[WhiteElo "2155"]
[BlackElo "1890"]

1.d4 Nf6 2.c4 g6 3.Nc3 Bg7 4.e4 d6 5.f3 c6 6.Be3 a6 7.a4 a5 8.Nge2 Na6 9.Nc1
O-O 10.Qd2 Nd7 11.Nd3 Qb6 12.Qf2 Qb3 13.Ra3 Qxc4 14.Nc5 Qb4 15.Rb3 dxc5
16.Rxb4 axb4 17.Nb1 cxd4 18.Bxd4 Ne5 19.Bb6 Be6 20.Nd2 c5 21.Bxc5 Rfc8 22.Bxa6
Rxa6 23.Ke2 Rxa4 24.Bxe7 Rc2 25.Qb6 Rxd2+ 26.Ke1 Nc4 {#R} 0-1

[Event "Tournament"]
[Site "masterchessopen.com – Oberursel (Germany)"]
[Round "0"]
[White "Gerusel Mathias (GER)"]
[Black "Kestler Hans-Guenther (GER)"]
[Result "1-0"]
[WhiteElo "2415"]
[BlackElo "2400"]

1.d4 g6 2.c4 Bg7 3.Nc3 d6 4.e4 Nf6 5.f3 c6 6.Be3 a6 7.a4 a5 8.Bd3 Na6 9.Rc1
Nd7 10.Nge2 e5 11.d5 Bh6 12.f4 Nf6 13.h3 Nh5 14.O-O O-O 15.Qd2 exf4 16.Nxf4
Nxf4 17.Bxf4 Bxf4 18.Qxf4 f6 19.Rcd1 cxd5 20.Nxd5 Be6 21.Nxf6+ Kg7 22.e5 dxe5
23.Nh5+ gxh5 24.Qxe5+ Rf6 25.Rf2 Nc7 26.Bc2 {#r} 1-0

[Event "Tournament"]
[Site "masterchessopen.com – Parnu (Estonia)"]
[Round "0"]
[White "Moisieev Oleg L (RUS)"]
[Black "Kremenietsky Anatoly M (RUS)"]
[Result "1-0"]
[WhiteElo "2385"]
[BlackElo "2364"]

1.d4 Nf6 2.c4 g6 3.Nc3 Bg7 4.e4 d6 5.f3 c6 6.Be3 a6 7.Qd2 b5 8.O-O-O bxc4
9.Bxc4 O-O 10.Bh6 d5 11.Bb3 dxe4 12.fxe4 Bxh6 13.Qxh6 c5 14.e5 Ng4 15.Qf4 cxd4
16.h3 Ne3 17.Rxd4 Nxg2 18.Qxf7+ Rxf7 19.Rxd8+ Kg7 20.Bxf7 {#r} 1-0

[Event "Memorial L.Rasmussen"]
[Site "masterchessopen.com – Randers (Denmark)"]
[Round "1"]
[White "Brinck-Claussen Bjorn (DEN)"]
[Black "Kristiansen Jens (DEN)"]
[Result "1-0"]
[WhiteElo "2263"]
[BlackElo "2439"]

1.d4 Nf6 2.c4 g6 3.Nc3 Bg7 4.e4 d6 5.f3 c6 6.Be3 Nbd7 7.Be2 O-O 8.Nh3 a6 9.Nf2
b5 10.cxb5 axb5 11.Nd3 Nb6 12.b3 Nfd7 13.O-O f5 14.Qd2 fxe4 15.fxe4 Nf6
16.Rac1 Ng4 17.Rxf8+ Bxf8 18.Bxg4 Bxg4 19.d5 cxd5 20.exd5 Bg7 21.Nb4 Bxc3
22.Rxc3 Nd7 23.Nc6 Qf8 24.Bg5 Nf6 25.Re3 Re8 26.Qd4 Bf5 27.h3 Kg7 28.Nxe7 Bd7
29.Rf3 {#r} 1-0

[Event "Olympiad"]
[Site "masterchessopen.com – Nice (France)"]
[Round "0"]
[White "Petrosian Tigran V (ARM)"]
[Black "Visier Segovia Fernando (ESP)"]
[Result "1-0"]
[WhiteElo "2640"]
[BlackElo "2345"]

1.c4 Nf6 2.Nc3 g6 3.e4 d6 4.d4 Bg7 5.f3 c6 6.Be3 a6 7.c5 O-O 8.Nge2 a5 (
8...Nbd7 9.Nc1 b5 10.Be2 dxc5 11.dxc5 Ne5 12.Qc2 Be6 { Larsen - Byrne,
Leningrad 1973 } ) 9.cxd6 exd6 10.Ng3 Re8 11.Qd2 b5 12.Be2 d5 13.e5 Nfd7
14.Bh6 b4 15.Na4 Bxh6 16.Qxh6 Ba6 17.h4 { ? } 17...Bxe2 18.Kxe2 Na6 19.h5 Nf8
20.Rac1 Ra7 21.Kf2 ( 21.Rxc6 { ?! } 21...Qd7 22.Rhc1 Nb8 23.Nb6 Qb7 24.Rf6 Ra6
25.Na4 Qb5+ ) 21...Ne6 22.hxg6 fxg6 23.Rh4 Rc7 24.Rg4 ( 24.Rxc6 Rxc6 { ? } (
24...Qxh4 25.Qxh4 Rxc6 ) 25.Qxh7+ Kf8 26.Qh8+ Kf7 27.Rh7+ Ng7 28.Rxg7+ Ke6
29.Qh3# ) 24...Rf8 25.Rxg6+ hxg6 26.Qxg6+ Ng7 27.Rh1 Rf4 ( 27...Qe8 28.Qh7+
Kf7 29.Nf5 { ! } ) 28.Nh5 Rcf7 29.e6 1-0

[Event "Ch DDR (w)"]
[Site "masterchessopen.com – Potsdam (Germany)"]
[Round "6"]
[White "Espig Gesine (GER)"]
[Black "Domsgen Christina (GER)"]
[Result "0-1"]
[WhiteElo "2009"]
[BlackElo "2100"]

1.d4 Nf6 2.c4 g6 3.Nc3 Bg7 4.e4 d6 5.f3 c6 6.Be3 a6 7.Qd2 b5 8.Bd3 Nbd7 9.Nge2
e5 10.O-O O-O 11.Rac1 Bb7 12.d5 b4 13.Nd1 c5 14.a4 Ne8 15.Ng3 a5 16.b3 Bc8
17.Bh6 Nb6 18.Bxg7 Nxg7 19.f4 exf4 20.Qxf4 f5 21.e5 dxe5 22.Qxe5 Ra7 23.Qe3
Qd6 24.Qf2 Re7 25.Nb2 Nd7 26.Ne2 f4 27.Kh1 Ne5 28.h3 Nh5 29.Rfe1 f3 30.Ng1
Nxd3 31.Nxd3 Ng3+ 32.Kh2 Nf1+ {#R} 0-1

[Event "Tournament (b)"]
[Site "masterchessopen.com – Stockholm (Sweden)"]
[Round "9"]
[White "Young Steven D (USA)"]
[Black "Fransson Jorgen (SWE)"]
[Result "0-1"]
[WhiteElo "1894"]
[BlackElo "2088"]

1.d4 Nf6 2.c4 g6 3.Nc3 Bg7 4.e4 d6 5.f3 c6 6.Be3 a6 7.a4 a5 8.Qd2 O-O 9.Bh6
Na6 10.Be2 e5 11.Rd1 Qb6 12.Be3 Qb3 13.dxe5 dxe5 14.Rc1 Be6 15.Qc2 Qb4 16.Bd2
Qc5 17.b3 Ne8 18.h4 Rd8 19.Rd1 Nb4 20.Qc1 Nf6 21.Be3 Nc2+ 22.Kf2 Nxe3 23.Qxe3
Qb4 24.Nb1 Rxd1 25.Bxd1 Bxc4 26.bxc4 Qxb1 27.Be2 Rd8 28.g4 Qb4 {#R} 0-1

[Event "It (open)"]
[Site "masterchessopen.com – Australia"]
[Round "0"]
[White "Goldsmith Alan (AUS)"]
[Black "Perkovic Marinko (YUG)"]
[Result "1-0"]
[WhiteElo "2216"]
[BlackElo "2220"]

1.d4 Nf6 2.c4 g6 3.Nc3 Bg7 4.e4 d6 5.f3 c6 6.Bg5 Qb6 7.Qd2 a5 8.Bd3 Na6 9.Nge2
Nb4 10.Bb1 e5 11.c5 Qc7 12.a3 Na6 13.cxd6 Qxd6 14.dxe5 Qxe5 15.Bf4 Qe7 16.Bd6
Qd8 17.e5 Nd7 18.Qf4 Nac5 19.Nd4 Ne6 20.Nxe6 fxe6 21.Ba2 Nb6 22.Ne4 Nd5
23.Bxd5 cxd5 24.Ng5 Qd7 25.Rc1 Bh6 26.Rc7 Rf8 27.Qh4 Bxg5 28.Qxg5 Rf5 29.Qh4
Rh5 30.Qf6 {#r} 1-0

[Event "Match \"]
[Site "masterchessopen.com – Zinnowitz (Germany)"]
[Round "2"]
[White "Klimaszewski Dariusz (POL)"]
[Black "Oetzel Roland (GER)"]
[Result "0-1"]
[WhiteElo "2212"]
[BlackElo "2270"]

1.e4 d6 2.d4 Nf6 3.f3 g6 4.c4 Bg7 5.Nc3 c6 6.Be3 a6 7.Qd2 b5 8.Bd3 O-O 9.O-O-O
Nbd7 10.h4 h5 11.Nge2 bxc4 12.Bxc4 Nb6 13.Bb3 a5 14.Na4 Nxa4 15.Bxa4 Bd7
16.Nc3 Qc7 17.Rdg1 Rfb8 18.g4 hxg4 19.h5 Rb4 20.hxg6 fxg6 21.Bh6 Qb6 22.Bxg7
Kxg7 23.e5 Ng8 24.Qh2 Qxd4 25.Qh7+ Kf8 26.Qxg6 Qf4+ 27.Kd1 Rd4+ 28.Ke1 Bf5
{#R} 0-1

[Event "?"]
[Site "masterchessopen.com – Lone Pine (USA)"]
[Round "0"]
[White "Brasket Curt J (USA)"]
[Black "Saidy Anthony F (USA)"]
[Result "1-0"]
[WhiteElo "2159"]
[BlackElo "2435"]

1.c4 g6 2.e4 Bg7 3.d4 d6 4.Nc3 Nf6 5.f3 c6 6.Be3 a6 7.c5 Nbd7 8.Nh3 b5 9.cxb6
Nxb6 10.Nf2 Be6 11.Be2 O-O 12.O-O Qb8 13.b3 a5 14.Rb1 Rc8 15.g4 c5 16.d5 Bd7
17.Qd2 Qc7 18.f4 a4 19.g5 Ne8 20.Ng4 axb3 21.axb3 Bxg4 22.Bxg4 Rcb8 23.f5 Nd7
24.fxg6 hxg6 25.Rxf7 Kxf7 26.Be6+ Kf8 27.Rf1+ Bf6 28.Qg2 Ng7 29.gxf6 Ne5
30.fxg7+ Kxg7 31.Qg5 Rh8 32.Qxe5+ {#r} 1-0

[Event "It (open)"]
[Site "masterchessopen.com – Copenhagen (Denmark)"]
[Round "2"]
[White "Brondum Eric (DEN)"]
[Black "Kristiansen Jens (DEN)"]
[Result "1-0"]
[WhiteElo "2140"]
[BlackElo "2439"]

1.d4 Nf6 2.c4 g6 3.Nc3 Bg7 4.e4 d6 5.f3 c6 6.Be3 Nbd7 7.Bd3 a6 8.a4 a5 9.Nge2
e5 10.d5 cxd5 11.cxd5 Nc5 12.Bc2 O-O 13.O-O Bd7 14.Nb5 Qb6 15.Nec3 Nh5 16.g3
f5 17.exf5 gxf5 18.Kh1 Nf6 19.Bg1 Rae8 20.Qd2 f4 21.gxf4 exf4 22.Bd4 Nh5
23.Rg1 Bf5 24.Rg5 Bxc2 25.Qxc2 Nf6 26.Rag1 Re7 27.Qg2 {#r} 1-0

[Event "Ch Czechoslovakia"]
[Site "masterchessopen.com – Marianske Lazne (Czech Republic)"]
[Round "7"]
[White "Tichy Vladimir (CZE)"]
[Black "Meduna Eduard (CZE)"]
[Result "1-0"]
[WhiteElo "2257"]
[BlackElo "2420"]

1.d4 g6 2.c4 Nf6 3.Nc3 Bg7 4.e4 d6 5.f3 c6 6.Be3 a6 7.a4 Nbd7 8.Bd3 O-O 9.Nge2
c5 10.d5 Ne5 11.O-O e6 12.a5 exd5 13.cxd5 Bd7 14.Ng3 Nxd3 15.Qxd3 Re8 16.Qd2
b5 17.axb6 Qxb6 18.h3 Qb4 19.Rf2 h5 20.Kh1 Bc8 21.Bh6 Bh8 22.e5 dxe5 23.Nge4
Nxe4 24.fxe4 Ra7 25.Qg5 Qb6 26.Na4 Qd6 27.Raf1 a5 28.Nxc5 Rc7 29.Na4 Qd8
30.Rxf7 Qxg5 31.Rf8+ Kh7 32.Bxg5 Rxf8 33.Rxf8 Bg7 34.d6 {#r} 1-0

[Event "?"]
[Site "masterchessopen.com – Manila (Philippines)"]
[Round "0"]
[White "Averbakh Yuri L (RUS)"]
[Black "Rodriguez Ruben (PHI)"]
[Result "0-1"]
[WhiteElo "2445"]
[BlackElo "2370"]

1.c4 g6 2.d4 Nf6 3.Nc3 Bg7 4.e4 d6 5.f3 c6 6.Be3 Nbd7 7.Qd2 a6 8.Bd3 b5 9.Nge2
e5 10.d5 cxd5 11.cxd5 Nh5 12.O-O O-O 13.b4 f5 14.a4 bxa4 15.Nxa4 Nf4 16.Nec3
Rb8 17.Rfb1 Nf6 18.Ra3 fxe4 19.Bxe4 g5 20.b5 g4 21.bxa6 Nxe4 22.fxe4 Rxb1+
23.Nxb1 Bxa6 24.Qe1 Ne2+ 25.Kh1 Qh4 26.Qd1 Ng3+ 27.Kg1 Rf1+ 28.Qxf1 Nxf1
29.Nac3 Qxh2+ 30.Kf2 Qg3+ {#R} 0-1

[Event "?"]
[Site "masterchessopen.com – Timishoara (Romania)"]
[Round "0"]
[White "Marasescu Ioan (ROM)"]
[Black "Martinovic Slobodan (SRB)"]
[Result "0-1"]
[WhiteElo "2298"]
[BlackElo "2436"]

1.c4 g6 2.e4 Bg7 3.d4 d6 4.Nc3 Nf6 5.f3 c6 6.Be3 a6 7.Bd3 b5 8.e5 Nfd7 9.f4
bxc4 10.Bxc4 Nb6 11.Bd3 a5 12.Nf3 Na6 13.O-O Nb4 14.Be2 O-O 15.Rc1 a4 16.Qd2
Be6 17.Ng5 Nc4 18.Bxc4 Bxc4 19.Ne2 Bxe2 20.Qxe2 Qb6 21.f5 Nd5 22.fxg6 fxg6
23.Ne6 Rxf1+ 24.Rxf1 Bxe5 25.Bf2 Bf6 26.g4 Rb8 27.g5 Bg7 28.Qf3 Qxb2 29.Bg3
Kh8 30.Kh1 Qc2 31.Rf2 Qf5 32.Qe2 Qh3 33.Rf1 Ne3 {#R} 0-1

[Event "Ch Baden-Wuerttemberg (b)"]
[Site "masterchessopen.com – Stuttgart (Germany)"]
[Round "0"]
[White "Schmidt Andreas (GER)"]
[Black "Mueller Christian (GER)"]
[Result "0-1"]
[WhiteElo "2198"]
[BlackElo "2205"]

1.c4 Nf6 2.Nc3 g6 3.d4 Bg7 4.e4 d6 5.f3 c6 6.Be3 a6 7.a4 a5 8.Nge2 Na6 9.Nc1
Qc7 10.Nd3 Nd7 11.Qd2 e5 12.d5 Ndc5 13.Qf2 Nb3 14.Ra3 Nd4 15.Bxd4 exd4 16.Ne2
cxd5 17.cxd5 Nb4 18.Nxb4 axb4 19.Rd3 Rxa4 20.Nxd4 Ra1+ 21.Ke2 O-O 22.Qe3 f5
23.exf5 Bxf5 24.Nxf5 Rxf5 25.Qe8+ Rf8 26.Qe6+ Kh8 27.h4 Bh6 28.Kf2 Qc5+ 29.Kg3
Bf4+ 30.Kh3 Qf2 31.Qg4 Rxf1 {#R} 0-1

[Event "Ch Commonwealth"]
[Site "masterchessopen.com – London (England)"]
[Date "1985.02.25"]
[Round "10"]
[White "Miles Jana"]
[Black "Friedgood David (ENG)"]
[Result "1-0"]
[WhiteElo "2230"]
[BlackElo "2215"]

1.d4 Nf6 2.c4 g6 3.Nc3 Bg7 4.e4 d6 5.f3 c6 6.Bg5 a6 7.Qd2 b5 8.d5 bxc4 9.Bxc4
O-O 10.Nge2 Bb7 11.O-O cxd5 12.exd5 Nbd7 13.Rae1 Nb6 14.Bb3 Rc8 15.Ng3 Nc4
16.Qe2 Qb6+ 17.Kh1 Ne5 18.f4 Ned7 19.Nge4 Nc5 20.Nxc5 dxc5 21.f5 Rfd8 22.fxg6
hxg6 23.Qf2 Qd6 24.Ne4 {#r} 1-0

[Event "It (w)"]
[Site "masterchessopen.com – Jajce (Bosnia & Herzegovina)"]
[Round "2"]
[White "Medic Mirjana (CRO)"]
[Black "Nikolin Zorica (SRB)"]
[Result "0-1"]
[WhiteElo "2251"]
[BlackElo "2164"]

1.d4 Nf6 2.c4 g6 3.Nc3 Bg7 4.e4 d6 5.f3 c6 6.Be3 a6 7.Qd2 b5 8.a3 Nbd7 9.Rc1
O-O 10.Bd3 e5 11.cxb5 cxb5 12.Nge2 Bb7 13.O-O Rb8 14.Rfd1 Qe8 15.d5 Nh5 16.b4
f5 17.exf5 gxf5 18.Bb1 Rf7 19.a4 Kh8 20.axb5 Qg8 21.bxa6 Bxa6 22.b5 Bc8 23.Na2
f4 24.Bf2 Bh6 25.Nec3 Rg7 26.Be1 Nc5 27.Kf1 Bh3 28.Rc2 Rxg2 {#R} 0-1

[Event "Ch World (juniors) (under 16)"]
[Site "masterchessopen.com – Rio Gallegos (Argentina)"]
[Round "5"]
[White "Comas Fabrego Lluis (ESP)"]
[Black "Canfell Gregory (AUS)"]
[Result "1-0"]
[WhiteElo "2508"]
[BlackElo "2326"]

1.d4 Nf6 2.c4 g6 3.Nc3 Bg7 4.e4 d6 5.f3 c6 6.Be3 a6 7.Qd2 Nbd7 8.O-O-O Qa5
9.Kb1 b5 10.Bh6 Bxh6 11.Qxh6 e5 12.dxe5 dxe5 13.Nh3 b4 14.Ne2 Qa4 15.Rc1 b3
16.a3 Bb7 17.Ng5 Rf8 18.Nc3 Qa5 19.Be2 O-O-O 20.Rhd1 Kb8 21.Rd6 Qc5 22.Rcd1
Kc7 23.Qg7 Nh5 24.Ne6+ fxe6 25.Rxd7+ Kc8 26.Rc7+ Kb8 27.Rxb7+ Ka8 28.Qe7 {#r}
1-0

[Event "Ch URS (corr.)"]
[Site "masterchessopen.com – corr."]
[Round "0"]
[White "Zelinsky Yuri (ISR)"]
[Black "Kopylov I (RUS)"]
[Result "0-1"]
[WhiteElo "2150"]
[BlackElo "2380"]

1.d4 Nf6 2.c4 g6 3.Nc3 Bg7 4.e4 d6 5.f3 c6 6.Be3 a6 7.c5 O-O 8.Bd3 Nbd7 9.Na4
e5 10.cxd6 exd4 11.Bxd4 Re8 12.Bf2 b5 13.Nc3 Re6 14.Be2 Ne5 15.d7 Bxd7 16.Nh3
Qc7 17.Qc1 b4 18.Nd1 c5 19.Nf4 Rc6 20.Nd5 Nxd5 21.exd5 Rd6 22.Qxc5 Qxc5
23.Bxc5 Rxd5 24.Bxb4 Re8 25.Bc3 Nxf3+ 26.Kf2 Bd4+ 27.Bxd4 Nxd4 28.Bxa6 Nc2
29.Rc1 Rd2+ 30.Kg3 Nd4 31.Rg1 Nf5+ {#R} 0-1

[Event "?"]
[Site "masterchessopen.com – Dortmund (Germany)"]
[Round "0"]
[White "Schneider Attila (HUN)"]
[Black "Nickl Klaus (AUT)"]
[Result "1-0"]
[WhiteElo "2420"]
[BlackElo "2144"]

1.d4 Nf6 2.c4 g6 3.Nc3 Bg7 4.e4 d6 5.f3 c6 6.Be3 Nbd7 7.Bd3 a6 8.Nge2 b5 9.Qd2
bxc4 10.Bxc4 Nb6 11.Bd3 Be6 12.Bh6 Kf8 13.Be3 Nc4 14.Bxc4 Bxc4 15.b3 Bb5
16.Rc1 h5 17.O-O Kg8 18.Nxb5 cxb5 19.Rc6 Kh7 20.Rfc1 Nd7 21.Nf4 a5 22.Nd5 b4
23.Bg5 f6 24.Be3 Rb8 25.Qc2 e6 26.Nf4 Nf8 27.Rc7 Qe8 28.Qc6 Qd8 29.d5 exd5
30.Nxd5 Ne6 31.Re7 Re8 32.Nxf6+ Kh8 33.Rxe8+ {#r} 1-0

[Event "It (open) (2)"]
[Site "masterchessopen.com – Canary Islands (Spain)"]
[Round "0"]
[White "Martin Del Campo Jorge (MEX)"]
[Black "Rodriguez B Sebastian (CHI)"]
[Result "0-1"]
[WhiteElo "2210"]
[BlackElo "2150"]

1.e4 g6 2.d4 Bg7 3.c4 d6 4.Nc3 Nf6 5.f3 c6 6.Be3 a6 7.a4 Nbd7 8.Bd3 O-O 9.Nge2
e5 10.d5 cxd5 11.cxd5 Nh5 12.g4 Nf4 13.Nxf4 exf4 14.Bxf4 Ne5 15.Be2 Bd7 16.Qd2
Rc8 17.O-O Nc4 18.Bxc4 Rxc4 19.a5 Qe7 20.Ne2 f5 21.gxf5 gxf5 22.Ng3 fxe4
23.fxe4 Bh3 24.Bg5 Rxf1+ 25.Rxf1 Qe5 26.Rb1 Qd4+ 27.Qe3 Rc2 28.Nf5 Bxf5
29.exf5 Qg4+ 30.Kf1 Qg2+ {#R} 0-1

[Event "It (open)"]
[Site "masterchessopen.com – Pula (Croatia)"]
[Round "0"]
[White "Kharlov Andrei (RUS)"]
[Black "Kengis Edvins (LAT)"]
[Result "0-1"]
[WhiteElo "2522"]
[BlackElo "2545"]

1.d4 Nf6 2.c4 g6 3.Nc3 Bg7 4.e4 d6 5.f3 c6 6.Be3 a6 7.e5 Nfd7 8.exd6 exd6
9.Bf4 O-O 10.Bxd6 Re8+ 11.Nge2 Nb6 12.Be5 Nxc4 13.Bxg7 Kxg7 14.b3 Ne3 15.Qd2
Bf5 16.Kf2 c5 17.Na4 Nc6 18.Nxc5 Qh4+ 19.g3 Qf6 20.Nf4 Nc2 21.Rc1 N6xd4 22.Bd3
Bxd3 23.Ncxd3 Qc6 24.Rhf1 Re2+ 25.Qxe2 Nxe2 26.Kxe2 Qc3 27.Kd1 Rd8 28.Rf2
Rxd3+ {#R} 0-1

[Event "Zt (w)"]
[Site "masterchessopen.com – Graz (Austria)"]
[Round "0"]
[White "Horvath Maria (AUT)"]
[Black "Lematschko Tatjana (SUI)"]
[Result "0-1"]
[WhiteElo "2019"]
[BlackElo "2185"]

1.d4 Nf6 2.c4 g6 3.Nc3 Bg7 4.e4 d6 5.f3 c6 6.Be3 a6 7.Qd2 b5 8.d5 b4 9.Nd1 a5
10.a3 Na6 11.axb4 Nxb4 12.Nc3 O-O 13.Be2 Ne8 14.Nh3 cxd5 15.cxd5 f5 16.Nf2 f4
17.Bxf4 Rxf4 18.Qxf4 Nc2+ 19.Kd2 Nxa1 20.Rxa1 Qb6 21.Nd3 Bd7 22.g4 Nc7 23.Ra3
Nb5 24.Nxb5 Bxb5 25.Rb3 a4 26.Rb4 Qa5 27.e5 Bxd3 28.Bxd3 Rb8 29.exd6 Rxb4
30.dxe7 Rxf4+ 31.Ke3 Qc5+ 32.Kxf4 Qxe7 {#R} 0-1

[Event "It (active)"]
[Site "masterchessopen.com – Iraklion (Greece)"]
[Round "0"]
[White "Konstandinidis Hristos (GRE)"]
[Black "Kotronias Vasilios (GRE)"]
[Result "0-1"]
[WhiteElo "2079"]
[BlackElo "2520"]

1.d4 Nf6 2.c4 g6 3.Nc3 Bg7 4.e4 d6 5.f3 c6 6.Be3 a6 7.Qd2 b5 8.a3 bxc4 9.Bxc4
d5 10.Bd3 dxe4 11.Nxe4 Nbd7 12.Ne2 O-O 13.O-O Nd5 14.Bf2 a5 15.Rac1 Qb6 16.Rc2
Ba6 17.Rfc1 Rfc8 18.Nc5 Nxc5 19.Rxc5 Bxd3 20.Qxd3 e6 21.Qc2 Bh6 22.Rb1 Bf8
23.Rc4 Rab8 24.Nc3 Qa6 25.Ne4 Bxa3 26.Nc5 Bxc5 27.dxc5 Rb4 28.Rxb4 axb4 29.Qe4
Re8 30.h4 e5 31.b3 Nc3 {#R} 0-1

[Event "It (open)"]
[Site "masterchessopen.com – New York (USA)"]
[Round "4"]
[White "Cooke Eric (USA)"]
[Black "Zlotnikov Mikhail (USA)"]
[Result "0-1"]
[WhiteElo "2148"]
[BlackElo "2285"]

1.d4 Nf6 2.c4 g6 3.Nc3 Bg7 4.e4 d6 5.f3 c6 6.Be3 a6 7.Bd3 Nbd7 8.Nge2 O-O
9.Qd2 e5 10.d5 cxd5 11.cxd5 b5 12.b4 Ne8 13.O-O Nb6 14.Rfc1 Bd7 15.a3 f5
16.Rc2 Nf6 17.Bg5 Rc8 18.Rac1 Nc4 19.Bxc4 Rxc4 20.Qd3 Qb6+ 21.Be3 Qb8 22.Bf2
Bh6 23.Rd1 Rfc8 24.Rb2 Qc7 25.Rb3 fxe4 26.Nxe4 Nxe4 27.fxe4 Bg4 28.Re1 Rc2
29.h3 Rd2 30.hxg4 Rxd3 31.Rxd3 Qc2 32.Rdd1 Rf8 33.Bg3 Bd2 {#R} 0-1

[Event "It (open)"]
[Site "masterchessopen.com – Karvina (Czech Republic)"]
[Round "5"]
[White "Holemar David (CZE)"]
[Black "Bakalar Petr (CZE)"]
[Result "0-1"]
[WhiteElo "2306"]
[BlackElo "2241"]

1.d4 Nf6 2.c4 g6 3.Nc3 Bg7 4.e4 d6 5.f3 c6 6.Be3 a6 7.a4 a5 8.Bd3 Na6 9.Rc1
O-O 10.Qd2 Nd7 11.h4 e5 12.d5 h5 13.dxc6 bxc6 14.Be2 Ndc5 15.Rd1 Qb6 16.g4 Rb8
17.Kf2 Qxb2 18.Qxd6 Ne6 19.gxh5 gxh5 20.Nh3 Qxc3 21.Rhg1 Rb2 22.Rxg7+ Nxg7
23.Ng5 Qxc4 24.Re1 f6 25.Nh7 Kxh7 26.Qxf8 Nb4 27.Qxc8 Nd3+ 28.Kf1 Qc2 29.Qa6
Nxe1 30.Kxe1 Qxa4 31.Bd2 {#R} 0-1

[Event "It (open) \"]
[Site "masterchessopen.com – Netherlands"]
[Round "0"]
[White "Hoeksema Hendrik Pieter (NED)"]
[Black "Wilgenhof Otto (NED)"]
[Result "1-0"]
[WhiteElo "2430"]
[BlackElo "2203"]

1.d4 Nf6 2.c4 g6 3.Nc3 Bg7 4.e4 d6 5.f3 c6 6.Be3 a6 7.Qd2 Nbd7 8.Bd3 b5 9.Nge2
Qa5 10.O-O O-O 11.a3 bxc4 12.Bxc4 Qc7 13.Rac1 Rb8 14.Rfd1 Qb7 15.b4 d5 16.Bd3
dxe4 17.Nxe4 Nd5 18.Bf2 e5 19.dxe5 Nxe5 20.Bb1 Rd8 21.Bh4 Qa7+ 22.Kh1 Re8
23.Nd4 Be6 24.Bg3 Ne7 25.Nxe6 fxe6 26.Nd6 Red8 27.Qe2 {#r} 1-0

[Event "Ch Ponferrada (team)"]
[Site "masterchessopen.com – Ponferrada (Spain)"]
[Round "0"]
[White "Rojo Huerta Gabriel (ESP)"]
[Black "Camacho Collados Marcos (ESP)"]
[Result "1-0"]
[WhiteElo "2355"]
[BlackElo "2411"]

1.d4 Nf6 2.c4 d6 3.Nc3 g6 4.e4 Bg7 5.f3 c6 6.Be3 Nbd7 7.Qd2 h6 8.Nge2 a6
9.O-O-O Qc7 10.h4 c5 11.dxc5 Nxc5 12.e5 Nfd7 13.exd6 exd6 14.Qxd6 Qxd6 15.Rxd6
O-O 16.h5 Re8 17.Bf2 Bf8 18.Rd4 b5 19.hxg6 fxg6 20.Nf4 Ne5 21.Ncd5 g5 22.Nf6+
Kf7 23.Nxe8 Kxe8 24.Nd5 Kf7 25.Nb6 Rb8 26.Rd8 Rxb6 27.Rxf8+ {#r} 1-0

[Event "Memorial A.Alekhine (a)"]
[Site "masterchessopen.com – Smolensk (Russia)"]
[Round "0"]
[White "Gasthofer Viktor (GER)"]
[Black "Bitman Alexander R (RUS)"]
[Result "1-0"]
[WhiteElo "2331"]
[BlackElo "2345"]

1.c4 g6 2.e4 Bg7 3.d4 d6 4.Nc3 Nf6 5.f3 c6 6.Be3 a6 7.c5 b5 8.cxd6 exd6 9.Nge2
O-O 10.Nf4 Nbd7 11.Be2 Nb6 12.O-O Bh6 13.Kh1 Kg7 14.e5 Nfd5 15.Ncxd5 Nxd5
16.Nxd5 cxd5 17.f4 Bf5 18.Qd2 Rc8 19.Rac1 Qd7 20.Bf3 Rfd8 21.exd6 Kg8 22.Bxd5
Qxd6 23.Bf3 Re8 24.Rc5 Rxc5 25.dxc5 Qe6 26.Bd4 Rd8 27.Qe3 Qc4 28.Rd1 Bc2 29.b3
Qb4 30.Qe5 Rxd4 31.Rxd4 Qa5 32.Qe8+ Bf8 33.Rd8 {#r} 1-0

[Event "It \"]
[Site "masterchessopen.com – USA"]
[Round "0"]
[White "Wallach Kenneth (USA)"]
[Black "Tennant Steven (USA)"]
[Result "0-1"]
[WhiteElo "2176"]
[BlackElo "2234"]

1.d4 Nf6 2.c4 g6 3.Nc3 Bg7 4.e4 d6 5.f3 c6 6.Bg5 Qb6 7.Qd2 Nbd7 8.O-O-O a6
9.Bh6 Bxh6 10.Qxh6 Qb4 11.Nh3 b5 12.Ng5 bxc4 13.Qg7 Rf8 14.e5 Rb8 15.Rd2 dxe5
16.dxe5 Nxe5 17.a3 Qa5 18.f4 Bf5 19.fxe5 Qxc3+ 20.Kd1 Bg4+ 21.Nf3 Bxf3+
22.gxf3 Qxf3+ 23.Ke1 c3 24.Rd3 Qe4+ 25.Kf2 Rxb2+ 26.Kg1 Qg4+ {#R} 0-1

[Event "It (open)"]
[Site "masterchessopen.com – Loosdorf (Austria)"]
[Round "9"]
[White "Schwab Rene (AUT)"]
[Black "Sinkovics Peter (HUN)"]
[Result "0-1"]
[WhiteElo "2203"]
[BlackElo "2317"]

1.d4 Nf6 2.c4 g6 3.Nc3 d6 4.e4 Bg7 5.f3 c6 6.Be3 a6 7.a4 a5 8.Qd2 Na6 9.Nge2
Nb4 10.Nc1 O-O 11.Be2 e5 12.Nb3 Re8 13.O-O Qc7 14.Na2 Nxa2 15.Rxa2 Nd7 16.Rd1
Nf8 17.Ra3 f5 18.c5 fxe4 19.dxe5 d5 20.f4 g5 21.g3 Ng6 22.Bh5 Rf8 23.Nd4 Qe7
24.Rf1 Bh3 25.Rf2 Qd7 26.Qe2 gxf4 27.gxf4 Nh4 28.Bc1 Kh8 29.Rg3 Rg8 30.Bg4
Bxg4 31.Qxg4 Qxg4 32.Rxg4 {#R} 0-1